000 00376cam a22001097a 4500
008 180718b1965 xxu||||| |||| 00| 0 eng d
082 _aT394x54 In2i
245 _aTariff revision committee, interim report
_cby Directorate of Commerical Publicity, Ministry of Commerce
260 _aNew Delhi
_bGovernment of India
_c1965
300 _a45+p
700 _aIndia. Ministry of Commerce
999 _c497972
_d497972